Zsidók és keresztények - két típus története Tertullianus Adversus Iudaeosában

Podrobná bibliografia
Hlavný autor: Pap, Levente (Autor)
Médium: Článok
Jazyk:slovenčina
maďarčina
ISSN:1338-4341
Predmet:

MARC

LEADER 00000nab a2200000 a 4500
001 vtls010508469
003 SK-MaSNL
005 20260304185214.0
008 250708u201102 xo r | 000 00slo
015 |a SNBRB2013/05SVKPO 
035 |a (sysno)vtls010508469 
035 |a urn:nbn:sk:snk-ab7cid 
035 |a (uuid)acef1651-1ad5-440f-93a6-c558ab11a3d3 
035 |a (urnnbn)urn:nbn:sk:snk:ar-a07j3d 
040 |a SNKBUCL  |b slo  |c SNKBUCL  |e AACR2 
041 0 |a hun  |b eng  |b slo 
044 |a xo  |c SK 
080 |a (=411.16)  |2 2001 
080 |a 26-1/-9  |2 2001 
080 |a 2-64/-67  |2 2001 
080 |a 27-1/-9  |2 2001 
080 |a 2-67  |2 2001 
100 1 |a Pap, Levente  |4 aut  |9 1519530 
245 1 0 |a Zsidók és keresztények - két típus története Tertullianus Adversus Iudaeosában  |c Levente Pap 
504 |a Bibliogr. odkazy 
546 |a Abstr. angl., slov. 
600 1 7 |a Tertullianus, Quintus Septimius Florens,  |d 160-220  |t Adversus Iudaeosa  |x interpretácie  |2 svkpocl  |9 1519531 
650 0 7 |a Židia a kresťania  |x vzťahy  |x výklady  |2 svkpocl  |9 1519532 
650 0 7 |a medzináboženské vzťahy  |2 svkpocl  |9 77910 
650 0 7 |a medzináboženský dialóg  |2 svkpocl  |9 90424 
773 0 |t Historia Ecclesiastica  |g Roč. II, č. 2 (2011), s. 23-32  |x 1338-4341 
850 |a Slovenská národná knižnica 
852 |a Slovenská národná knižnica 
958 |a article27 
958 |a SK 
958 |a NB 
958 |a NT 
958 |a HU 
958 |a OND 
958 |a EUIPO 
999 |c 3041913  |d 3043843